000 01543nas a2200349 i 4500
001 523
003 ES-MaACL
005 20250902111615.0
007 t|
008 950801d19031919sp m|yp | ||pa d
022 _a2482-4909
080 _a(460)
080 _a908(460.18)
245 0 0 _aBoletín de la Sociedad Castellana de Excursiones.
246 1 3 _aCastilla artística e histórica
260 _aValladolid :
_bSociedad Castellana de Excursiones,
_c1903-1919 (
_fImp. de Juan R. Hernando)
300 _av. :
_bil. ;
_c27 y 24 cm.
310 _aMensual
362 0 _aAño 1, n. 1/3 (en.-marzo 1903)-año 14, n. 168 (dic. 1916)
362 0 _aAño 15, n. 169 (en. 1917)-año 17, n. 204 (dic. 1919)
530 _aDisponible en formato digital.
547 _aDesde 1917 se titula: Castilla artística e histórica : boletín de la Sociedad Castellana de Excursiones.
650 1 4 _aArte-
_zCastilla y León
_910088
650 4 _aInstituciones científicas y diversas
_913829
651 4 _aCastilla y León-
_xHistoria.
_98001
710 2 _aSociedad Castellana de Excursiones
_96648
852 _aES-MaACL
_jR-2587-96
_x Olim: G-5998-07
856 _uhttp://bibliotecadigital.jcyl.es/i18n/consulta/registro.cmd?id=19963
_zBiblioteca Digital de Castilla y León
_z(Boletín de la Sociedad Castellana de Excursiones)
856 _uhttp://bibliotecadigital.jcyl.es/i18n/consulta/registro.cmd?id=11066
_zBiblioteca Digital de Castilla y León
_z(Castilla artística e histórica)
866 0 _o1903-19.
999 _c523
_d523